000 00663nam a2200205Ii 4500
003 JO-AjNU
008 230605s9999||||xx |||||||||||||| ||und||
040 _aJO-AjNU
_bara
_erda
_cJO-AjNU
041 _aara
050 1 4 _aBJ37.1962
100 3 _aبلدي،نجيب,
_eauthor
_910156
245 0 0 _aمراحل الفكر الأخلاقي
264 3 1 _aالقاهرة:دار المعارف بمصر ،1962
300 _a123ص
336 _atext
_btxt
_2rdacontent
337 _aunmediated
_bn
_2rdamedia
338 _avolume
_bnc
_2rdacarrier
490 0 _aسلسلة مكتبة الدراسات الاسلامية
650 4 _aاخلاق-سيكولوجية
_910157
999 _aA1664
_c5232
_d5232